Statistics for States With the Lowest Percentage of Hispanic Residents

Click here to take the quiz!

General Stats

  • This quiz has been taken 61 times
  • The average score is 4 of 5

Answer Stats

US State% Correct
Vermont
93%
Maine
88%
North Dakota
78%
West Virginia
57%
Mississippi
48%

Score Distribution

Percentile by Number Answered

Percent of People with Each Score

Your Score History

You have not taken this quiz